Rod Wave Collab sudden death - Statistics

General Stats
  • This quiz has been taken 123 times
  • The average score is 6 of 15
Answers on the Grid
Answers color-coded by a green-red scale on the quiz's grid according to % correct below.
Coi Leray
21 Savage
Drake
Kevin Gates
Chris Stapleton
Rocksolid Teezy
Luke Combs
Kodak
E-40
Morgan Wallen
YNW Melly
Rylo Rodriguez
Polo G
PND
Kendrick Lamar
Baby Keem
Ken Carson
NBA Youngboy
DBM Bonez
OTM Frenchyy
Sexxy Redd
 
Answer Stats
Answer % Correct
21 Savage
77%
Kevin Gates
74%
Polo G
67%
NBA Youngboy
65%
Rylo Rodriguez
65%
Kodak
57%
E-40
49%
OTM Frenchyy
32%
Rocksolid Teezy
30%
Coi Leray
25%
DBM Bonez
25%
Morgan Wallen
23%
YNW Melly
23%
Chris Stapleton
12%
Luke Combs
12%
No matching quizzes found
Score Distribution
Percent of People with Each Score
Percentile by Number Answered
Your Score History
You have not taken this quiz